00425nam a22001337a 4500020002200000040001400022082002000036100002500056245006600081300001000147942001200157999001900169952010300188 a978-1-910952-00-9 cOneReason a297.122 T3741 Z aAbu Zakariya9130122 aThe Eternal ChallengebA Journey Through The Miraculous Quran a161p. 2ddccBK c614464d614464 00102ddc4070aSCMEbSCMEd2025-07-24l0o297.122 T3741 ZpSCME-D285r2025-07-24w2025-07-24yBK